| 000 | 00548nam a22001817a 4500 | ||
|---|---|---|---|
| 003 | BD-DhUL | ||
| 005 | 20171114121643.0 | ||
| 008 | 171114s1375 ir ||||| |||| 00| 0 per d | ||
| 040 |
_aBD-DhUL _cBD-DhUL |
||
| 082 |
_a891.551 _bKAD |
||
| 100 | 0 | _aکمال خجندی | |
| 245 | 0 |
_aدیوان کمال خجندی / _cکمال خجندی |
|
| 260 |
_aبھا : _bمجمع بزر گداشت شیخ کمال خجندی، _c۔۱۳۷۵ |
||
| 300 |
_aص۔ ۴۸۰ ؛ _c۲۴ سم۔ |
||
| 365 |
_aUS$ _b15.00 |
||
| 650 | 0 | _aPersian poetry | |
| 942 |
_2ddc _cBK |
||
| 999 |
_c232033 _d232033 |
||